000 00328nam a2200157Ia 4500
100 _aSanthanam/Vijay
650 _aFiction
942 _cBK
366 _f20
245 _aIf cricket is a religion
260 _bHarper collins
_c2009
082 _a808.8
_bSAN
300 _a204
546 _aENGLISH
_cComputers
999 _c34869
_d34869